ბათუმის შოთა რუსთაველის სახელმწიფო უნივერსიტეტის ბიბლიოთეკა

ლოგიკა ყველასათვის (ბიბ.ჩანაწერი № 51525)

000 -LEADER
fixed length control field 00923nam a2200253Ia 4500
001 - CONTROL NUMBER
control field 18514
003 - CONTROL NUMBER IDENTIFIER
control field GE_BSU
008 - FIXED-LENGTH DATA ELEMENTS--GENERAL INFORMATION
fixed length control field 181216s||||||||xx |||||||||||||| ||und||
020 ## - INTERNATIONAL STANDARD BOOK NUMBER
International Standard Book Number 9789994017959
040 ## - CATALOGING SOURCE
Transcribing agency GE_BSU
080 ## - UNIVERSAL DECIMAL CLASSIFICATION NUMBER
Universal Decimal Classification number 16(075.8)
100 ## - MAIN ENTRY--PERSONAL NAME
Personal name ხელაძე,შადიმან
245 ## - TITLE STATEMENT
Title ლოგიკა ყველასათვის
245 ## - TITLE STATEMENT
Remainder of title სახელმძღვანელო ანალიტიკური აზროვნების განსავითარებლად
245 ## - TITLE STATEMENT
Statement of responsibility, etc. რედ. მერაბ გვარაძე, თეიმურაზ ლაცაბიძე
260 ## - PUBLICATION, DISTRIBUTION, ETC.
Place of publication, distribution, etc. თბილისი
260 ## - PUBLICATION, DISTRIBUTION, ETC.
Name of publisher, distributor, etc. ჯისიაი
260 ## - PUBLICATION, DISTRIBUTION, ETC.
Date of publication, distribution, etc. 2011
300 ## - PHYSICAL DESCRIPTION
Extent 220გვ.23სმ.
300 ## - PHYSICAL DESCRIPTION
Accompanying material ბიბლ.გვ.220
653 ## - INDEX TERM--UNCONTROLLED
Uncontrolled term ლოგიკა ყველასათვის
942 ## - ADDED ENTRY ELEMENTS (KOHA)
Koha item type წიგნი
ეგზემპლარები
Withdrawn status Lost status Damaged status Not for loan Date acquired Barcode Date last seen Price effective from Koha item type
        2018-12-17 47798 2018-12-17 2018-12-17 წიგნი
        2018-12-17 47799 2018-12-17 2018-12-17 წიგნი
        2018-12-17 47800 2018-12-17 2018-12-17 წიგნი
        2018-12-17 47801 2018-12-17 2018-12-17 წიგნი
        2018-12-17 47802 2018-12-17 2018-12-17 წიგნი